RETURN OF THE KING (Record no. 18726)
[ view plain ]
| 000 -LEADER | |
|---|---|
| fixed length control field | 00332nam a2200133Ia 4500 |
| 008 - FIXED-LENGTH DATA ELEMENTS--GENERAL INFORMATION | |
| fixed length control field | 240624s9999 xx 000 0 und d |
| 041 ## - LANGUAGE CODE | |
| Language code of text/sound track or separate title | eng |
| 082 ## - DEWEY DECIMAL CLASSIFICATION NUMBER | |
| Classification number | 823 TOL |
| 100 ## - MAIN ENTRY--PERSONAL NAME | |
| Personal name | TOLKIEN J R R |
| 245 ## - TITLE STATEMENT | |
| Title | RETURN OF THE KING |
| 260 ## - PUBLICATION, DISTRIBUTION, ETC. | |
| Date of publication, distribution, etc. | 2008 |
| Place of publication, distribution, etc. | New Delhi |
| Name of publisher, distributor, etc. | HarperCollins |
| 300 ## - PHYSICAL DESCRIPTION | |
| Extent | xii, : 1567 : p. : cm. ; 20 |
| 365 ## - TRADE PRICE | |
| Currency code | GBP |
| Price amount | 25 |
| Withdrawn status | Lost status | Damaged status | Not for loan | Home library | Current library | Shelving location | Date acquired | Source of acquisition | Cost, normal purchase price | Total Checkouts | Full call number | Barcode | Date last seen | Date last checked out | Copy number | Price effective from | Koha item type |
|---|---|---|---|---|---|---|---|---|---|---|---|---|---|---|---|---|---|
| IMTN | IMTN | Rack 41-A | 05/02/2012 | IBH | 6.99 | 1 | 823 TOL | 18726 | 11/01/2025 | 10/06/2025 | 82.1 | 06/24/2024 | Books |